000 01248nam a22002777a 4500
001 1010
005 20250826104326.0
020 _a0439204224 (pbk)
040 _aDLC
_beng
_erda
_cDLC
050 0 0 _aQL696.S473
_bS715 2001
082 0 0 _a598.47
_223
100 1 _aStamper, Judith Bauer.
245 1 0 _aPenguin puzzle /
_c[written by Judith Bauer Stamper ; illustrations by Ted Enik].
260 _aNew York :
_bScholastic,
_c2001.
300 _a87 pages :
_billustrations;
_c20 cm.
490 0 _aThe magic school bus, a science chapter book
500 _a"Based on The Magic School Bus books written by Joanna Cole and illustrated by Bruce Degen."--T.p. verso.
505 _aO
520 _a"Ms. Frizzle whisks her students away on a 'cool' trip to Antarctica, where they learn all about the South Pole and come face to face with playful penguins and colossal icebergs. When the kids are magically changed into real penguins, they need Ms. Frizzle's help to solve their penguin puzzle"--Provided by publisher.
521 _a600
_bLexile
521 _aO
_bRaz-Plus
650 0 _aPenguins
_vJuvenile literature.
700 1 _aEnik, Ted,
_eillustrator.
906 _a7
_bcbc
_corignew
_d2
_encip
_f20
_gy-gencatlg
942 _2ddc
_cBK
_n0
999 _c1010
_d1010